[Event "HUN-chT1"]
[Site "HUN"]
[Date "1995.??.??"]
[Round "?"]
[White "Molnar, Imre"]
[Black "Nagy, E."]
[Result "0-1"]
[WhiteElo "2060"]
[BlackElo "2305"]

1.d4 Nf6 2.c4 e6 3.Nf3 b6 4.g3 Ba6 5.Qa4 c6 6.Nc3 d5 7.cxd5 exd5 8.Bg2 Bd6
9.O-O O-O 10.Rd1 Re8 11.Ne5 b5 12.Qb3 b4 13.Na4 Bxe2 14.Re1 Bb5 15.Bd2 Na6
16.a3 Bxe5 17.dxe5 Ng4 18.axb4 Nxe5 19.Nc3 Nc7 20.Bf4 f6 21.Nxb5 Nxb5 22.Rac1 Kh8
23.Qd1 Rc8 24.Bh3 Rc7 25.Bf5 g6 26.Bh3 Qd6 27.Bd2 Rce7 28.Bg2 Nd3 29.Rxe7 Rxe7
30.Ra1 Nxb2 31.Qb3 Nc4 32.Bf4 Qe6 33.Bf1 g5 34.Be3 Nxe3 35.Qxe3 Qxe3 36.fxe3 Kg7
37.Kf2 Nd6 38.Rc1 Rc7 39.Bd3 h6 40.Ke2 Kf7 41.Rc5 Ke6 42.b5 Nxb5 43.Bxb5 Kd6  0-1

[Event "HUN-chT1"]
[Site "HUN"]
[Date "1995.??.??"]
[Round "?"]
[White "Soponyai, Tamas"]
[Black "Horvath, Adam"]
[Result "1-0"]
[WhiteElo "2110"]
[BlackElo "2195"]

1.d4 Nf6 2.c4 e6 3.Nf3 b6 4.g3 Ba6 5.Qa4 c5 6.Bg2 Bb7 7.O-O Be7 8.Nc3 O-O
9.Rd1 Bc6 10.Qc2 cxd4 11.Rxd4 Bc5 12.Rh4 Bxf3 13.Bxf3 Nc6 14.Bxc6 dxc6 15.Bg5 h6
16.Bxh6 gxh6 17.Qc1 Bxf2+ 18.Kh1  1-0

[Event "HUN-chT1"]
[Site "HUN"]
[Date "1995.??.??"]
[Round "?"]
[White "Izsak, Gyula"]
[Black "Kiss, Laszlo"]
[Result "1/2-1/2"]
[WhiteElo "2445"]
[BlackElo "2270"]

1.d4 Nf6 2.c4 e6 3.Nf3 b6 4.g3 Ba6 5.Qc2 Bb4+ 6.Bd2 Be7 7.Bg2 O-O 8.O-O c6
9.b3 d5 10.Rd1 Nbd7 11.Bg5  1/2-1/2

[Event "HUN-chT1"]
[Site "HUN"]
[Date "1995.??.??"]
[Round "?"]
[White "Horvath, Julia"]
[Black "Nagy, E."]
[Result "1/2-1/2"]
[WhiteElo "2270"]
[BlackElo "2305"]

1.d4 Nf6 2.c4 e6 3.Nf3 b6 4.g3 Ba6 5.b3 b5 6.cxb5 Bxb5 7.Bg2 Bb4+ 8.Bd2 a5
9.O-O Bc6 10.Nc3 Bxc3 11.Bxc3 Qc8  1/2-1/2

[Event "HUN-chT1"]
[Site "HUN"]
[Date "1995.??.??"]
[Round "?"]
[White "Kovacs, Janos"]
[Black "Rigo, Janos"]
[Result "1/2-1/2"]
[WhiteElo "2180"]
[BlackElo "2310"]

1.d4 Nf6 2.c4 e6 3.Nf3 b6 4.g3 Ba6 5.b3 b5 6.Qc2 bxc4 7.bxc4 c5 8.Bg2 Bb7
9.e3 cxd4 10.exd4 Be4 11.Qe2 Nc6 12.O-O Nb4 13.Rd1 Rc8 14.Nc3 Bg6 15.Ne5 Qa5
16.Bg5 Bh5 17.Bf3 Bxf3 18.Qxf3 Be7 19.Ne4 Qd8 20.d5 exd5 21.cxd5 d6 22.Bxf6 Bxf6
23.Nxf6+ Qxf6 24.Qxf6 gxf6 25.Ng4 f5 26.Ne3 f4 27.gxf4 Kd7 28.Rd4 Nc2 29.Nxc2 Rxc2
30.Ra4 Rc7 31.Kg2 Rb8 32.Kf3 Rb5 33.Ke4 Ke7 34.Re1 Kf6 35.Re3 a5 36.Rb3 Rxb3
37.axb3 Rc5 38.Kd4 Rb5 39.Kc4 Rc5+ 40.Kd4 Rb5 41.Kc4 Rc5+ 42.Kd4  1/2-1/2

[Event "HUN-chT2 9495"]
[Site "HUN"]
[Date "1995.??.??"]
[Round "?"]
[White "Barat, Janos"]
[Black "Simo, Judit"]
[Result "1/2-1/2"]
[WhiteElo "2030"]
[BlackElo "2075"]

1.d4 Nf6 2.Nf3 e6 3.c4 b6 4.g3 Ba6 5.Qa4 Bb7 6.Bg2 Be7 7.O-O O-O 8.Nc3 c5
9.Bf4 d6 10.dxc5 bxc5 11.Rfd1 Qb6 12.Rd2 Ne4 13.Nxe4 Bxe4 14.Ng5 Bxg2 15.Kxg2 Qb7+
16.f3 h6 17.Ne4 d5 18.cxd5 exd5 19.Nd6 Bxd6 20.Bxd6 Rc8 21.Qg4 Nd7 22.Qf5 d4
23.Rc1 c4 24.Rcc2 c3 25.bxc3 dxc3 26.Rd3 Qb1 27.Rd4 Nf6 28.Qd3 Re8 29.Rb4 Qe1
30.e4 Rad8 31.Rd4 Re6 32.e5 Ne8 33.Rxc3 Nxd6 34.Rxd6 Rexd6 35.exd6 Qe6 36.Qc2 Qxd6
37.Kh3 Qe6+ 38.g4 h5 39.Kg3 hxg4 40.fxg4 Qe5+ 41.Kh3 Qg5  1/2-1/2

[Event "HUN-chT2 9495"]
[Site "HUN"]
[Date "1995.??.??"]
[Round "?"]
[White "Demeny, Antal"]
[Black "Kovacs, Janos"]
[Result "1/2-1/2"]
[WhiteElo "2200"]
[BlackElo "2180"]

1.d4 Nf6 2.c4 e6 3.Nf3 b6 4.g3 Ba6 5.Qc2 c6 6.Bg2 d5 7.cxd5 cxd5 8.Bf4 Bd6
9.Bxd6 Qxd6 10.O-O O-O 11.Nc3 Nc6 12.Rac1 Rfc8 13.Qa4 Bb7 14.Nb5 Qe7 15.Ne5 a6
16.Nxc6 Bxc6 17.Qa3 Qxa3 18.Nxa3 Bb7 19.Nb1 Ne4 20.f3 Nd6 21.Kf2 Kf8 22.Nd2 f5
23.Ke3 Ke7 24.h4 f4+ 25.Kxf4 Nf5 26.Nb3 Rc4 27.e4 Nd6 28.Rxc4 Nxc4 29.Rf2 Rf8+
30.Kg4 dxe4 31.f4 Ne3+ 32.Kh3 Nxg2 33.Rxg2 Rc8 34.Re2 a5 35.Kg4 a4 36.Na1 Rc1
37.Rc2 Rxa1 38.Rc7+ Kd6 39.Rxb7 Kc6 40.Rxg7 Rxa2 41.f5 exf5+ 42.Kxf5 e3 43.Re7 Rxb2
44.Rxe3 Rb3 45.Re7 Rxg3 46.Rxh7 b5 47.Ke4 a3 48.d5+ Kb6 49.Rh6+ Ka5 50.d6 a2
51.Rh8 Kb4 52.Ra8 Ra3 53.Rxa3 Kxa3 54.d7 a1=Q 55.d8=Q Qe1+ 56.Kf5 b4 57.Qa8+ Kb2
58.h5 Qf2+ 59.Kg6 Qg3+ 60.Kf5 Qh3+ 61.Kg5 Qe3+ 62.Kg6 Qe6+ 63.Kg5 Qe5+ 64.Kg6 Qg3+
65.Kf5  1/2-1/2

[Event "HUN-chT2 9495"]
[Site "HUN"]
[Date "1995.??.??"]
[Round "?"]
[White "Istvandi, Lajos"]
[Black "Sax, Gyula"]
[Result "0-1"]
[WhiteElo "2335"]
[BlackElo "2535"]

1.d4 Nf6 2.c4 e6 3.Nf3 b6 4.g3 Ba6 5.b3 d5 6.Bg2 dxc4 7.Ne5 Bb4+ 8.Kf1 Nfd7
9.Nxc4 c6 10.Ba3 Bxa3 11.Nbxa3 O-O 12.Ne5 Nxe5 13.dxe5 Nd7 14.Qd6 Rc8 15.f4 Nc5
16.Rd1 Qe8 17.Kf2 f6 18.b4 Nb7 19.Qd7 fxe5 20.Qxe8 Rfxe8 21.Rd7 exf4 22.gxf4 Rf8
23.Ke3 Rf7 24.Bh3 Rxd7 25.Bxe6+ Rf7 26.Bxc8 Re7+ 27.Kf3 Bxe2+ 28.Kf2 Nd6
29.Re1 Nxc8 30.Rxe2 Rxe2+ 31.Kxe2 Ne7 32.Nc2 Nd5 33.Kf3 Kf7 34.a3 c5 35.bxc5 bxc5
36.Ke4 Ke6 37.Ne1 Nf6+ 38.Kd3 Kd5 39.Nc2 Ng4 40.h4 g6 41.a4 c4+ 42.Kc3 a5
43.Na3 Ne3 44.Nb5 Kc5  0-1

[Event "Papp Bela mem"]
[Site "HUN"]
[Date "1995.??.??"]
[Round "?"]
[White "Saleh, Nabil"]
[Black "Bako, Viktor"]
[Result "1-0"]
[WhiteElo "2140"]
[BlackElo "2265"]

1.d4 Nf6 2.c4 e6 3.Nf3 b6 4.g3 Ba6 5.b3 Bb4+ 6.Bd2 Be7 7.Bg2 c6 8.O-O O-O
9.Bc3 d5 10.Ne5 Nfd7 11.Nxd7 Nxd7 12.Nd2 b5 13.Re1 Rc8 14.e4 bxc4 15.bxc4 Nb6
16.exd5 exd5 17.c5 Nd7 18.Qa4 Bb5 19.Qa3 Bg5 20.Ba5 Qf6 21.Bh3 Bxd2 22.Bxd2 Rc7
23.Bf4 Rb7 24.Bd6 Qxd4 25.Rad1 Qa4 26.Qe3 Nf6 27.Bxf8 Kxf8 28.Qe5 Qa5 29.Bc8  1-0

[Event "HUN-chT2 9596"]
[Site "HUN"]
[Date "1995.??.??"]
[Round "1"]
[White "Horvath, Csaba"]
[Black "Emodi, Barnabas"]
[Result "1-0"]
[WhiteElo "2500"]
[BlackElo "2280"]

1.d4 Nf6 2.c4 e6 3.Nf3 b6 4.g3 Ba6 5.b3 c6 6.Bg2 Bb4+ 7.Nbd2 d5 8.O-O Nbd7
9.Bb2 O-O 10.Rc1 Rc8 11.a3 Be7 12.Re1 Ne4 13.Nxe4 dxe4 14.Nd2 f5 15.b4 Qc7
16.f3 Bg5 17.e3 exf3 18.Nxf3 Bf6 19.e4 Qb8 20.e5 Be7 21.d5 cxd5 22.Qa4 Nc5
23.bxc5 Bxc5+ 24.Bd4 Bxc4 25.Qd7 Rfe8 26.Bxc5 Rxc5 27.Nd4 Rc7 28.Qd6 Qc8
29.Nxe6 Rd7 30.Bxd5 Rxd6 31.exd6 Rxe6 32.Rxc4  1-0

[Event "HUN-chT1 9596"]
[Site "HUN"]
[Date "1995.??.??"]
[Round "5"]
[White "Palko, Gabriella"]
[Black "Csoke, Krisztian"]
[Result "1/2-1/2"]
[WhiteElo "2035"]
[BlackElo "2295"]

1.d4 Nf6 2.c4 e6 3.Nf3 b6 4.g3 Ba6 5.b3 Bb4+ 6.Bd2 Be7 7.Nc3 Bb7 8.Bg2 O-O
9.O-O Ne4 10.d5 Nxc3 11.Bxc3 Bf6 12.Bxf6 Qxf6 13.Qd4 Qxd4 14.Nxd4 e5 15.Nb5 Na6  1/2-1/2

[Event "Katowice op"]
[Site "Katowice"]
[Date "1995.??.??"]
[Round "3"]
[White "Kardys, Zbigniew"]
[Black "Gagarin, Vasilij"]
[Result "0-1"]
[WhiteElo "2220"]
[BlackElo "2440"]

1.d4 Nf6 2.Nf3 e6 3.c4 b6 4.g3 Ba6 5.b3 Bb4+ 6.Bd2 Be7 7.Nc3 d5 8.cxd5 exd5
9.e3 Bxf1 10.Kxf1 O-O 11.Kg2 c5 12.Rc1 Nc6 13.dxc5 bxc5 14.Na4 Ne4 15.Bc3 Qd7
16.Qc2 Rac8 17.Rhd1 Rfd8 18.Qb2 Qg4 19.h3 Qg6 20.Qb1 Qe6 21.Qb2 Bf8 22.Qe2 Re8
23.Ba1 Rcd8 24.Nh2 d4 25.exd4 Nxd4 26.Bxd4 cxd4 27.Nf3 Qf6 28.Qd3 Nxf2 29.Kxf2 Re3  0-1

[Event "Katowice op"]
[Site "Katowice"]
[Date "1995.??.??"]
[Round "4"]
[White "Kempinski, Robert"]
[Black "Dydyshko, Viacheslav"]
[Result "1/2-1/2"]
[WhiteElo "2435"]
[BlackElo "2495"]

1.d4 Nf6 2.c4 e6 3.Nf3 b6 4.g3 Ba6 5.b3 Bb4+ 6.Bd2 Be7 7.Bg2 c6 8.Bc3 d5
9.Ne5 Nfd7 10.Nxd7 Nxd7 11.Nd2 Rc8 12.O-O O-O 13.e4 b5 14.Re1 dxe4 15.Bxe4 Nf6
16.Bg2 Re8 17.c5 b4 18.Bb2 Bb5 19.Nc4 Nd5 20.Qd2 Rb8 21.Ne5 Bf6 22.Nc4 Be7
23.Ne5 Bf6  1/2-1/2

[Event "Katrineholm"]
[Site "Katrineholm"]
[Date "1995.??.??"]
[Round "?"]
[White "Akesson, Ralf"]
[Black "Davies, Nigel R"]
[Result "1/2-1/2"]
[WhiteElo "2500"]
[BlackElo "2530"]

1.d4 Nf6 2.c4 e6 3.Nf3 b6 4.g3 Ba6 5.b3 Bb7 6.Bg2 Bb4+ 7.Bd2 Be7 8.O-O O-O
9.Nc3 Na6 10.Qc2 d5 11.cxd5 exd5 12.Rfd1 h6 13.Bf4 Qd7 14.a3 c5  1/2-1/2

[Event "Kemerovo1"]
[Site "Kemerovo"]
[Date "1995.??.??"]
[Round "8"]
[White "Ruban, Vadim"]
[Black "Aseev, Konstantin N"]
[Result "1-0"]
[WhiteElo "2535"]
[BlackElo "2530"]

1.d4 Nf6 2.c4 e6 3.Nf3 b6 4.g3 Ba6 5.b3 Bb4+ 6.Bd2 Be7 7.Nc3 Bb7 8.Bg2 O-O
9.O-O d5 10.cxd5 exd5 11.Qc2 Na6 12.Rfd1 Qc8 13.Ng5 h6 14.Nxd5 Bxd5 15.Bxd5 hxg5
16.Bxa8 Qxa8 17.Bxg5 c5 18.Qc4 Nc7 19.dxc5 Ne6 20.Bxf6 Bxf6 21.Rac1 bxc5
22.e3 Qb7 23.Rd6 Be7 24.Qd5 Rb8 25.Qxb7 Rxb7 26.Rc6 Rd7 27.h4 g6 28.Kf1 Kg7
29.Ke2 Rb7 30.Rd1 Nf8 31.f4 Nd7 32.Kf3 Nb6 33.g4 a5 34.g5 a4 35.e4 axb3 36.axb3 Nd7
37.Rd3 Nf8 38.f5 gxf5 39.exf5 f6 40.Re3 Nh7 41.Rce6 Bd8 42.g6 Nf8 43.Re8 Rd7
44.h5 Rd5 45.Kg4 Rd4+ 46.R3e4 Rxe4+ 47.Rxe4 Nd7 48.Re8 Ne5+ 49.Kh3 Nc6 50.Kg4 Ba5
51.Kf4 Ne5 52.Ke4 Ng4 53.Kd5 Bb4 54.Re7+ Kg8 55.Rc7 Ba3 56.Ke6 Kf8 57.h6 Nxh6
58.Kxf6 Bb2+ 59.Ke6 Ng4 60.Rxc5 Nf6 61.b4 Ne4 62.Rc8+ Kg7 63.Rc7+ Kg8 64.b5 Ng5+
65.Kd5  1-0

[Event "Kuopio op2"]
[Site "Kuopio"]
[Date "1995.??.??"]
[Round "?"]
[White "Veingold, Aleksandr"]
[Black "Keskisarja, Teemu"]
[Result "1-0"]
[WhiteElo "2410"]
[BlackElo "2260"]

1.d4 Nf6 2.Nf3 e6 3.c4 b6 4.g3 Ba6 5.b3 Bb4+ 6.Bd2 Be7 7.Bg2 c6 8.Bc3 d5
9.Ne5 Ne4 10.O-O Nxc3 11.Nxc3 O-O 12.e4 dxc4 13.Nxc4 Nd7 14.e5 Rc8 15.Re1 b5
16.Nb2 Nb6 17.Ne4 b4 18.Rc1 Bb5 19.Qg4 Nd5 20.Nc4 Rc7 21.Red1 Rd7 22.h4 h6
23.h5 a5 24.Bf1 a4 25.Bd3 Kh8 26.Bb1 Rg8 27.Qf3 Qf8 28.Kg2 f5 29.exf6 gxf6
30.Nc5 Bxc5 31.dxc5 Rg5 32.Nd6 f5 33.Nxb5 cxb5 34.c6 Rc7 35.Bd3 axb3 36.axb3 Qe8
37.Bxb5 f4 38.Rxd5 exd5 39.Qxf4 Qe4+ 40.Qxe4 dxe4 41.Ba4 Rxh5 42.Rc4 Re5
43.Rxb4 e3 44.fxe3 Rxe3 45.Rb8+ Kg7 46.Rb7  1-0

[Event "La Coruna TH op"]
[Site "La Coruna"]
[Date "1995.??.??"]
[Round "5"]
[White "Guimaraes, Jorge"]
[Black "Damljanovic, Branko"]
[Result "1/2-1/2"]
[WhiteElo "2335"]
[BlackElo "2555"]

1.Nf3 Nf6 2.c4 e6 3.d4 b6 4.g3 Ba6 5.b3 b5 6.Bg2 Qc8 7.O-O bxc4 8.Ne5 Bb7
9.bxc4 Bxg2 10.Kxg2 Be7 11.Nc3 O-O 12.Rb1 c5 13.d5 d6 14.Nf3 Nbd7 15.Bg5 Nb6
16.Qd3 exd5 17.Nxd5 Nfxd5 18.cxd5 c4 19.Qe4 Bxg5 20.Nxg5 f5 21.Qe7 Nxd5 22.Qxd6 Nb6
23.a4 Rf6 24.Qd4 Qc6+ 25.Kg1 Nxa4 26.Rfc1 Nb6 27.Ra1 Qc7 28.Ra5 Re8 29.Rca1 Qd6
30.Qb2 h6 31.Nf3 Rc8 32.Qc3 Nd5 33.Qd4 Nb4 34.Qc3 a6 35.Nd4 Nd5 36.Qf3 Ne7
37.Nxf5 Nxf5 38.Rxf5 Rxf5 39.Qxf5 Rc5 40.Qc2 c3 41.Rd1 Qe6 42.Rd3 Qe5 43.Rd8+ Kf7
44.Rd7+ Kg8 45.Rd8+ Kf7 46.Rd7+ Kg8  1/2-1/2

[Event "Las Palmas op"]
[Site "Las Palmas"]
[Date "1995.??.??"]
[Round "7"]
[White "Roeder, Mathias"]
[Black "Kurajica, Bojan"]
[Result "1-0"]
[WhiteElo "2460"]
[BlackElo "2595"]

1.d4 Nf6 2.c4 e6 3.Nf3 b6 4.g3 Ba6 5.b3 Bb4+ 6.Bd2 Be7 7.Bg2 c6 8.Bc3 d5
9.Nbd2 O-O 10.O-O Nbd7 11.Re1 c5 12.e4 dxe4 13.Nxe4 Bb7 14.Nfd2 cxd4 15.Bxd4 Qc7
16.Nxf6+ Bxf6 17.Bxf6 Nxf6 18.Bxb7 Qxb7 19.Qf3 Qc7 20.Ne4 Nd7 21.Rad1 Rad8
22.Qe2 Ne5 23.Ng5 Rxd1 24.Rxd1 h6 25.f4 Qc5+ 26.Kg2 Nxc4 27.Ne4 Ne3+ 28.Kf3 Qf5
29.Kxe3 e5 30.Nd6 exf4+ 31.gxf4 Qh3+ 32.Kd2 Qh4 33.f5 Rd8 34.Kc2 Qf6 35.Qd2 Rd7
36.Kb1 Qe5 37.f6 g6 38.Qd5 Qxh2 39.Qa8+ Kh7 40.Qf8  1-0

[Event "Las Vegas op 5'"]
[Site "Las Vegas"]
[Date "1995.??.??"]
[Round "7"]
[White "Dlugy, Maxim"]
[Black "Henley, Ron W"]
[Result "0-1"]
[WhiteElo "2545"]
[BlackElo "2480"]

1.d4 Nf6 2.Nf3 e6 3.c4 b6 4.g3 Ba6 5.Qa4 c5 6.Bg2 Bb7 7.dxc5 bxc5 8.O-O Be7
9.Nc3 O-O 10.Bf4 a6 11.Rfd1 d6 12.Ng5 Bxg2 13.Kxg2 Ra7 14.Nge4 Rd7 15.Rd2 Nxe4
16.Nxe4 f5 17.Nc3 e5 18.Bxe5 dxe5 19.Nd5 Bg5 20.e3 f4 21.Rdd1 fxe3 22.fxe3 Rdf7
23.Kg1 Qc8 24.Qc2 Qg4 25.Qg2 e4 26.Nf4 Bxf4 27.gxf4 Qe6 28.Rd5 Nc6 29.Rxc5 Rf6
30.Rg5 Rg6 31.Rxg6 hxg6 32.Rd1 Nb4 33.Rd4 Re8 34.c5 Nd3 35.Rd6 Qxa2 36.Qxg6 Qf7
37.Qg5 Ne1 38.Kf2 Nf3 39.Qd5 Qxd5 40.Rxd5 Rb8 41.Rd8+ Rxd8  0-1

[Event "Le Touquet op"]
[Site "Le Touquet"]
[Date "1995.??.??"]
[Round "?"]
[White "Haik, Aldo"]
[Black "Gurevich, Vladimir"]
[Result "1/2-1/2"]
[WhiteElo "2435"]
[BlackElo "2445"]

1.d4 Nf6 2.c4 e6 3.Nf3 b6 4.g3 Ba6 5.b3 Bb4+ 6.Bd2 Be7 7.Bg2 c6 8.Bc3 d5
9.Nbd2 Nbd7 10.O-O O-O 11.Re1 c5 12.e4 dxe4 13.Nxe4 Bb7 14.Nfd2 cxd4 15.Bxd4 Qc7
16.Nxf6+ Bxf6 17.Ne4 Bxd4 18.Qxd4 Rad8 19.Rad1 Nc5 20.Qe3 Nxe4 21.Bxe4 Bxe4
22.Qxe4 Rd7 23.b4 Rc8 24.Qc2 g6 25.c5 bxc5 26.bxc5 Qc6 27.Rxd7 Qxd7 28.Rc1 Qc6
29.Rd1 Kf8 30.Qc3 Ke7 31.Rc1 Rd8 32.Qb4 h5 33.Qf4 Rc8 34.Qg5+ Ke8 35.Qe5 Ke7
36.h4 Qd5 37.Qc3 Qc6 38.Qb4 Rd8 39.a4 Rc8 40.a5 Ke8 41.Qc4 a6 42.Qb4 Qb5
43.Qc3 Qc6 44.Qe5 Qc7 45.Qb2 Qc6 46.Qb6 Qxb6 47.axb6 Kd7 48.b7 Rb8 49.c6+ Kc7
50.Kf1 a5 51.Ke2 a4 52.Ke3 a3 53.Kd4 Rd8+ 54.Kc5 a2 55.Kb5 Rd2 56.Ra1 Rb2+
57.Kc5 Rxf2 58.Rd1 Rc2+ 59.Kb5 Rb2+ 60.Kc5 Rc2+ 61.Kb5 Rb2+  1/2-1/2

[Event "Linares zt"]
[Site "Linares"]
[Date "1995.??.??"]
[Round "9"]
[White "Garcia Ilundain, David"]
[Black "Gomez Esteban, Juan Mario"]
[Result "1/2-1/2"]
[WhiteElo "2510"]
[BlackElo "2425"]

1.d4 Nf6 2.c4 e6 3.Nf3 b6 4.g3 Ba6 5.b3 Bb7 6.Bg2 Bb4+ 7.Bd2 a5 8.O-O O-O
9.Qc2 Be4 10.Qb2 d5 11.a3 Bxd2 12.Nbxd2 Nbd7 13.Rfd1 Qe7 14.Rac1 c6 15.Nxe4 Nxe4
16.cxd5 cxd5 17.Rc2  1/2-1/2

[Event "ESP-chJ"]
[Site "Los Barrios"]
[Date "1995.??.??"]
[Round "6"]
[White "Del Prado, JS."]
[Black "Soto, S."]
[Result "1/2-1/2"]
[WhiteElo "2225"]
[BlackElo "2295"]

1.d4 Nf6 2.c4 e6 3.Nf3 b6 4.g3 Ba6 5.b3 Bb4+ 6.Bd2 Be7 7.Bg2 c6 8.O-O d5
9.Ne5 Nfd7 10.Nxd7 Nxd7 11.Bc3 O-O 12.Nd2 c5 13.cxd5  1/2-1/2

[Event "Mainz op"]
[Site "Mainz"]
[Date "1995.??.??"]
[Round "6"]
[White "Timoshenko, Georgy"]
[Black "Gurevich, Vladimir"]
[Result "1/2-1/2"]
[WhiteElo "2555"]
[BlackElo "2445"]

1.d4 Nf6 2.c4 e6 3.Nf3 b6 4.g3 Ba6 5.b3 Bb4+ 6.Bd2 Be7 7.Bg2 c6 8.Ne5 d5
9.Bc3 Nfd7 10.Nxd7 Nxd7 11.Nd2 O-O 12.e4 Rc8 13.O-O b5 14.Re1 dxe4 15.Bxe4 bxc4
16.bxc4 c5 17.d5 exd5 18.Bxd5 Bf6 19.Rc1 Bxc3 20.Rxc3 Nf6 21.Bf3 Rc7 22.Nb3 Qxd1
23.Rxd1 Bc8 24.Kg2 h6 25.Rd6 Be6 26.Na5 Rb8 27.Rb3  1/2-1/2

[Event "Manresa op"]
[Site "Manresa"]
[Date "1995.??.??"]
[Round "4"]
[White "Haak, Eelco"]
[Black "Kalesis, Nikolaos"]
[Result "1/2-1/2"]
[WhiteElo "2300"]
[BlackElo "2420"]

1.d4 Nf6 2.c4 e6 3.Nf3 b6 4.g3 Ba6 5.b3 Bb7 6.Bg2 Bb4+ 7.Bd2 a5 8.O-O O-O
9.Bf4 a4 10.Nbd2 Ne4 11.Qc2 Nxd2 12.Ng5 f5 13.Bxb7 Ra7 14.Bxd2 Bxd2 15.Qxd2 Rxb7
16.d5 h6 17.Nf3 Qf6 18.b4 e5 19.c5 Na6 20.c6 dxc6 21.dxc6 Qxc6 22.Nxe5 Qb5
23.Qd4 Nxb4 24.Rab1 c5 25.Qd6 a3 26.Rb3 Ra7 27.Re3 Raa8 28.Qe6+ Kh7 29.Qg6+ Kg8
30.Qe6+ Kh7 31.Qg6+ Kg8 32.Qe6+ Kh7 33.Qg6+  1/2-1/2

[Event "Mar del Plata op"]
[Site "Mar del Plata"]
[Date "1995.??.??"]
[Round "7"]
[White "Quiroga, Facundo"]
[Black "Zarnicki, Pablo"]
[Result "0-1"]
[WhiteElo "2440"]
[BlackElo "2520"]

1.d4 Nf6 2.Nf3 e6 3.c4 b6 4.g3 Ba6 5.b3 Bb4+ 6.Bd2 Be7 7.Bg2 c6 8.O-O d5
9.cxd5 cxd5 10.Ne5 Nfd7 11.f4 Nxe5 12.fxe5 Nc6 13.Be3 O-O 14.Nd2 Bg5 15.Bf2 Rc8
16.h4 Bh6 17.g4 f6 18.exf6 gxf6 19.Rc1 Nb4 20.a3 Na2 21.Rxc8 Qxc8 22.Bf3 Nc3
23.Qe1 e5 24.g5 fxg5 25.Be3 Qh3 26.Nc4 Bxc4 27.bxc4 e4 28.Qxc3 g4 29.Rf2 g3
30.Rg2 Rxf3 31.exf3 exf3 32.Rb2 g2 33.Kf2 Qh1 34.Kg3  0-1

[Event "EUCup Gr2"]
[Site "Maribor"]
[Date "1995.??.??"]
[Round "3"]
[White "Ftacnik, Lubomir"]
[Black "Romanishin, Oleg M"]
[Result "1-0"]
[WhiteElo "2580"]
[BlackElo "2580"]

1.d4 Nf6 2.c4 e6 3.Nf3 b6 4.g3 Ba6 5.b3 Bb7 6.Bg2 Bb4+ 7.Bd2 c5 8.O-O O-O
9.Bxb4 cxb4 10.Qd3 d6 11.Nbd2 Nbd7 12.a3 bxa3 13.Rxa3 e5 14.Nh4 Bxg2 15.Nxg2 d5
16.Ne3 dxc4 17.Ndxc4 Qc7 18.Rfa1 exd4 19.Qxd4 Nc5 20.Qe5 Qxe5 21.Nxe5 a5
22.b4 Ncd7 23.Nc6 Rfe8 24.bxa5 bxa5 25.Rxa5 Rxa5 26.Rxa5 g6 27.Kf1 Kg7 28.Nc2 Ng4
29.f3 Nge5 30.N6d4 h5 31.e4 Nf6 32.Kg2 Ned7 33.Ra7 Rb8 34.f4 Nc5 35.e5 Nfd7
36.Kf3 Nf8 37.Ne3 Nfe6 38.Nxe6+ Nxe6 39.Nc4 Rb3+ 40.Kf2 Nd8 41.Rd7 Ne6 42.Nd6 Rb2+
43.Ke3 Rb3+ 44.Kd2 Rb2+ 45.Kd1 Rxh2 46.Rxf7+ Kh6 47.Rf6 Nd4 48.e6 h4 49.e7 Re2
50.Nf7+  1-0

[Event "Amber-blind 4th"]
[Site "Monte Carlo"]
[Date "1995.??.??"]
[Round "10"]
[White "Piket, Jeroen"]
[Black "Karpov, Anatoly"]
[Result "1-0"]
[WhiteElo "2670"]
[BlackElo "2780"]

1.d4 Nf6 2.c4 e6 3.Nf3 b6 4.g3 Ba6 5.Qb3 d5 6.cxd5 Qxd5 7.Qc2 c5 8.Nc3 Qc6
9.dxc5 Bxc5 10.Bg2 Bb7 11.O-O Nbd7 12.Bd2 O-O 13.Rac1 Rfc8 14.Qb1 a5 15.Nh4 Qc7
16.Nb5 Qb8 17.Bf4 e5 18.Bg5 Bxg2 19.Nxg2 Qb7 20.Rcd1 Rc6 21.Ne3 h6 22.Bxf6 Bxe3
23.Bxg7 Rc1 24.Rxc1 Bxc1 25.Rxc1 Kxg7 26.Nd6 Qd5 27.Nf5+ Kf6 28.Rd1  1-0

[Event "Moscow op2"]
[Site "Moscow"]
[Date "1995.??.??"]
[Round "1"]
[White "Khromov, Vladimir V"]
[Black "Podgaets, Mikhail"]
[Result "0-1"]
[WhiteElo "2200"]
[BlackElo "2455"]

1.Nf3 Nf6 2.c4 e6 3.d4 b6 4.g3 Ba6 5.Qc2 Bb7 6.Bg5 c5 7.Bg2 cxd4 8.O-O Nc6
9.Qd1 Bc5 10.a3 a5 11.Nxd4 Bxd4 12.Bxc6 dxc6  0-1

[Event "Moscow-ch op"]
[Site "Moscow"]
[Date "1995.??.??"]
[Round "2"]
[White "Verner, A."]
[Black "Nikolenko, Oleg"]
[Result "1/2-1/2"]
[WhiteElo "2360"]
[BlackElo "2475"]

1.d4 Nf6 2.c4 e6 3.Nf3 b6 4.g3 Ba6 5.Qa4 Bb7 6.Bg2 c5 7.O-O Be7 8.Nc3 O-O
9.Rd1 cxd4 10.Nxd4 Bxg2 11.Kxg2 Qc7 12.Bf4 Qb7+  1/2-1/2

[Event "Moscow op2"]
[Site "Moscow"]
[Date "1995.??.??"]
[Round "3"]
[White "Pankratov, A."]
[Black "Dragomarezkij, Evgeni"]
[Result "1/2-1/2"]
[WhiteElo "2325"]
[BlackElo "2475"]

1.d4 Nf6 2.c4 e6 3.Nf3 b6 4.g3 Ba6 5.b3 Bb4+ 6.Bd2 Be7 7.Bg2 Bb7 8.Nc3 d5
9.cxd5 exd5 10.O-O O-O 11.Qc2 Na6 12.Bf4 Qc8 13.Rfd1 Rd8 14.Be5 Nb4 15.Qb2 c6
16.Rac1 Na6 17.a3 Nc7 18.b4 Ne6 19.Bh3 Qd7 20.Ng5 Re8 21.Qb1 h6 22.Nxe6 fxe6
23.Qg6 Bd8 24.e4 Qf7 25.Qxf7+ Kxf7 26.exd5 Nxd5 27.Nxd5 cxd5 28.Bf1 Bf6 29.Rc7+ Re7
30.Rdc1 Bxe5 31.dxe5 Rd8 32.Bb5 Ba8 33.Rxe7+ Kxe7 34.Rc7+ Kf8 35.Rxa7 d4
36.Kf1 Bf3 37.Rd7 Rc8 38.Ke1 Bd5 39.Rd6 Rc3 40.Rxb6 Rxa3  1/2-1/2

[Event "Moscow5"]
[Site "Moscow"]
[Date "1995.??.??"]
[Round "4"]
[White "Kiselev, Sergey"]
[Black "Mitenkov, Alexey"]
[Result "1/2-1/2"]
[WhiteElo "2505"]
[BlackElo "2430"]

1.d4 Nf6 2.c4 e6 3.Nf3 b6 4.g3 Ba6 5.b3 Bb4+ 6.Bd2 Be7 7.Bg2 c6 8.Bc3 d5
9.Ne5 Nfd7 10.Nxd7 Nxd7 11.Nd2 O-O 12.O-O Rc8 13.Re1 c5 14.dxc5  1/2-1/2

[Event "Moscow6"]
[Site "Moscow"]
[Date "1995.??.??"]
[Round "7"]
[White "Fedorchuk, Sergey A"]
[Black "Kiriakov, Petr"]
[Result "0-1"]
[WhiteElo "2365"]
[BlackElo "2495"]

1.d4 e6 2.c4 Nf6 3.Nf3 b6 4.g3 Ba6 5.b3 d5 6.Bg2 c5 7.cxd5 exd5 8.O-O Nc6
9.Nc3 Be7 10.Bg5 h6 11.Bf4 O-O 12.Rc1 Re8 13.dxc5 Bxc5 14.Rc2 Qe7 15.Re1 Rad8
16.Na4 Ne4 17.Nxc5 bxc5 18.a3 Qf6 19.Qa1 d4 20.Nd2 Nc3 21.Rxc3 dxc3 22.Ne4 Rxe4
23.Bxe4 Nd4 24.Be3 Nxe2+ 25.Kg2 Re8 26.Bf3 Nd4 27.Bxd4 Rxe1 28.Qxe1 cxd4
29.Qe8+ Kh7 30.Be4+ g6 31.Qd7 d3 32.Qxa7 d2 33.Bc2 Be2 34.Qd7 Qf3+ 35.Kg1 Bd3  0-1

[Event "Moscow op2"]
[Site "Moscow"]
[Date "1995.??.??"]
[Round "8"]
[White "Kiselev, Sergey"]
[Black "Podgaets, Mikhail"]
[Result "1/2-1/2"]
[WhiteElo "2505"]
[BlackElo "2450"]

1.d4 Nf6 2.c4 e6 3.Nf3 b6 4.g3 Ba6 5.b3 Bb4+ 6.Bd2 Bxd2+ 7.Qxd2 c6 8.Bg2 d5
9.Nc3 O-O 10.Ne5 Nfd7 11.Nd3 Nf6 12.Ne5 Nfd7 13.Nd3 Nf6 14.Ne5  1/2-1/2

[Event "Moscow op"]
[Site "Moscow"]
[Date "1995.??.??"]
[Round "9"]
[White "Donchenko, Anatoly G"]
[Black "Eismont, Oleg"]
[Result "0-1"]
[WhiteElo "2420"]
[BlackElo "2435"]

1.Nf3 Nf6 2.d4 e6 3.c4 b6 4.g3 Ba6 5.b3 d5 6.cxd5 exd5 7.Bg2 Bb4+ 8.Bd2 Bxd2+
9.Qxd2 O-O 10.Nc3 Re8 11.Rd1 Ne4 12.Nxe4 Rxe4 13.e3 Re8 14.Ng1 Nd7 15.Bxd5 Nf6
16.Bc6 Qd6 17.Bxa8 Rxa8 18.f3 Re8 19.Kf2 Qd5 20.Re1 Bb7 21.Qe2 Ng4+ 22.Kg2 Nxe3+
23.Qxe3 Rxe3 24.Rxe3 g5 25.Kf2 Qxd4 26.Ne2 Qd2 27.Rc1 c5 28.Rc4 h6 29.h4 Kf8
30.hxg5 hxg5 31.a4 Bc8 32.a5 Be6 33.Rcc3 Qd1 34.axb6 axb6 35.g4 Qd6 36.Ng3 b5
37.Ne4 Qh2+ 38.Ke1 c4 39.bxc4 Bxc4 40.Rxc4 bxc4 41.Rc3 f5 42.Rxc4 fxe4 43.Rxe4 Kf7
44.Kf1 Kf6 45.Re2 Qg3 46.Re3 Kf7 47.Ke2 Qg1 48.Re4 Qg2+ 49.Ke3 Qf1 50.Re5 Qe1+
51.Kd4 Qd2+ 52.Kc5 Qc3+ 53.Kd6 Qxf3  0-1

[Event "Moscow-ch op"]
[Site "Moscow"]
[Date "1995.??.??"]
[Round "11"]
[White "Dvalishvili, Pavel S"]
[Black "Dragomarezkij, Evgeni"]
[Result "0-1"]
[WhiteElo "2360"]
[BlackElo "2475"]

1.d4 Nf6 2.c4 e6 3.Nf3 b6 4.g3 Ba6 5.b3 Bb4+ 6.Bd2 Be7 7.Bg2 Bb7 8.Nc3 O-O
9.O-O d5 10.Qc2 Na6 11.cxd5 exd5 12.Rac1 c5 13.dxc5 bxc5 14.Bg5 Re8 15.Ne5 Nc7
16.e3 Ne6 17.Bxf6 Bxf6 18.Nd3 Rc8 19.Rfe1 Re7  0-1

[Event "Mravinci-A"]
[Site "Mravinci"]
[Date "1995.??.??"]
[Round "?"]
[White "Horvath, Jozsef M"]
[Black "Cvorovic, Drazen"]
[Result "1-0"]
[WhiteElo "2180"]
[BlackElo "2425"]

1.d4 Nf6 2.c4 e6 3.Nf3 b6 4.g3 Ba6 5.b3 d5 6.cxd5 exd5 7.Bg2 Ne4 8.O-O Nc6
9.Bb2 Be7 10.Nbd2 f5 11.Rc1 Qd7 12.a3 O-O 13.Qc2 Bb5 14.a4 Nb4 15.Qd1 Ba6
16.Ne5 Qd8 17.f3 Nf6 18.Rf2 Bb7 19.Nf1 a5 20.Ne3 g6 21.Nc2 Bd6 22.e3 Qe7
23.Na3 c6 24.Nb1 Bxe5 25.dxe5 Nd7 26.f4 Nc5 27.Rd2 Na2 28.Rcc2 Nb4 29.Rc1 Ne4
30.Bxe4 fxe4 31.Ba3 Rad8 32.Nc3 Ba8 33.h4 Qe6 34.Nxe4 Qh3 35.Rh2 Qe6 36.Ng5 Qe7
37.Qg4 Rde8 38.h5 h6 39.hxg6 hxg5 40.Rh7  1-0